Automotive 2013 : new insights and system refresh.
| Format: | Book |
|---|---|
| Published: |
London:
Euromonitor International,
2013.
|
| Subjects: |
| LEADER | 00375cam a2200121 7i4500 | ||
|---|---|---|---|
| 001 | 0000031228 | ||
| 005 | 20140409090000.0 | ||
| 090 | 0 | 0 | |a P 629.2 |b AUT |
| 245 | 0 | 0 | |a Automotive 2013 : |b new insights and system refresh. |
| 260 | 0 | 0 | |a London: |b Euromonitor International, |c 2013. |
| 300 | # | # | |a [v.p.]. |
| 650 | 0 | 0 | |a Automobiles -- |x Market |
| 999 | |a B000033828 |b Book |c Products |e Business Information Centre | ||